|
|
|
|
| LEADER |
00000nta a2200000 i 4500 |
| 001 |
dolg22846 |
| 005 |
20191028105102.0 |
| 008 |
191028suuuu hu o 000 hun d |
| 040 |
|
|
|a BGE Dolgozattár Repozitórium
|b hun
|
| 041 |
|
|
|a hu
|
| 100 |
1 |
|
|a Kubovics Erzsébet
|
| 245 |
1 |
0 |
|a Tudatos módszer és eszközválasztás a női vezetői coachingban
|c Kubovics Erzsébet
|h [elektronikus dokumentum]
|
| 246 |
1 |
1 |
|a Tudatos módszer és eszközválasztás a női vezetői coachingban
|
| 520 |
3 |
|
|a A coaching számomra azt jelenti, hogy a coaching által mindenki képes minden vélt vagy valós nehéz helyzetből talpraállni, újrakezdeni, vagy magasabb szintre lépni, ha tisztában van a saját belső és külső erőforrásaival, ha mérlegeli a lehetőségeit, ha számol a döntései és cselekedetei következményeivel, ha hajlandó kilépni a komfortzónájából és megdolgozni a sikerért. Ez az üzleti és magánéletre egyaránt érvényes.
|
| 695 |
|
|
|a női vezető
|
| 695 |
|
|
|a business coaching
|
| 700 |
1 |
|
|a Zsigmond Dr. Száva
|e ths
|
| 856 |
4 |
0 |
|u http://dolgozattar.uni-bge.hu/22846/1/SZAKDOLGOZAT_Kubovics%20Erzs%C3%A9bet_10.22_G08IE0.pdf
|z Dokumentum-elérés
|
| 856 |
4 |
0 |
|u http://dolgozattar.uni-bge.hu/22846/7/Kubovics_nyilatkozat.pdf
|z Dokumentum-elérés
|
| 856 |
4 |
0 |
|u http://dolgozattar.uni-bge.hu/22846/8/Kubovics_titkos%C3%ADt%C3%A1si%20k%C3%A9relem.pdf
|z Dokumentum-elérés
|